| 000 | 00376nam a2200145Ia 4500 | ||
|---|---|---|---|
| 008 | 150201s2011 xx 000 0 und d | ||
| 082 |
_a615.321 _bE2011T |
||
| 100 | _aTRIPATHI,KD | ||
| 245 | _aESSENTIALS OF PHARMACOLOGY FOR DENTISTRY | ||
| 250 | _a2ND | ||
| 260 |
_bJAYPEE MEDICAL PUBLISHER _aDELHI _c2011 |
||
| 300 | _a1-510 | ||
| 650 | _aPHARMACOLOGY | ||
| 942 |
_2ddc _cBK _034 |
||
| 999 |
_c4640 _d4640 |
||